00669nam a22001697a 450000500170000001000130001702000260003003500110005603700130006708200110008010000420009124501240013324600750025726000520033227000920038430000230047620200907155249.0 aUR-10840 c300.00a9789389733587 aU-9395 bDBAD/PUB a844.08 aمر تبہ :ا ختر آ ز ا د  aتنو ير ا ختر ر و ما نی :شخص ا و ر ا فسا نہ نگا ر cمر تبہ :ا ختر آ ز ا د  bTanweer Akhtar Roomani :Shakhs Aur Afsana Nigar (Urdu)aby Akhtar Azad aN.Delhi bEducational Publishing Housec2020 ء aH.O.D1/16,Ansari Road,Darya ganj,bN.Delhie110002k45678285,23216162l0091-11-23211540 a172 ص c22 Cm(Hb)